| 000 | 01232namaa2200313 i 4500 | ||
|---|---|---|---|
| 003 | EG-GICUC | ||
| 005 | 20260203093819.0 | ||
| 008 | 260128s1993 sj a|||jr|||| 001 0 ara d | ||
| 017 |
_a93 / 8816 _bدار الكتب والوثائق المصرية (مصر) |
||
| 040 |
_aEG-GiCUC _bara _cEG-GiCUC _dEG-GiCUC _erda |
||
| 043 | _af-sj--- | ||
| 082 | 0 | 4 |
_221 _a330.9624 _bU897 |
| 092 | 0 | 4 |
_221 _a330.9624 _bU897 |
| 099 | _a330.9624 U897 | ||
| 100 | 1 |
_aعثمان، مبارك علي _eمؤلف. |
|
| 245 | 1 | 2 |
_aالسودان: عقد التنمية الضائع والإمكانات المهدورة : _b الإفقار فى ظل الرأسماليات التابعة / _cمبارك علي عثمان |
| 250 | _aالطبعة الأولى | ||
| 264 |
_aالقاهرة (مصر) : _bمركز الدراسات السودانية, _c1993. |
||
| 300 |
_a101 صفحة : _bإيضاحيات ؛ _c21 سم |
||
| 336 |
_2rdacontent _atext |
||
| 337 |
_2rdamedia _aUnmediated |
||
| 338 |
_2rdacarrier _avolume |
||
| 504 | _a. | ||
| 541 |
_aجابر عصفور ؛ _bالقاهرة ؛ _cإهداء ؛ _d2024. |
||
| 650 | 1 | _2qrmak | |
| 651 | 1 | 7 |
_2qrmak _aالسودان _xأحوال إقتصادية |
| 905 | _aSamah | ||
| 942 |
_2ddc _cBK _e21 _n0 |
||
| 999 |
_c178095 _d178095 |
||